| 000 | 01272nac a22003497a 4500 | ||
|---|---|---|---|
| 001 | BR7306329 | ||
| 003 | BR-BrBNA | ||
| 005 | 20240105113536.0 | ||
| 008 | 230509b bl.|||m| |||| 00| 0 por d | ||
| 040 |
_aBR-BrBNA _bpor _cBiblioteca Nacional de Agricultura |
||
| 072 | _aE15; F25 | ||
| 090 | _a0180 BR7306329 | ||
| 100 | 1 | _aLanzer, E.A. | |
| 110 | 1 | _aUniversidade Federal do Rio Grande do Sul, Porto Alegre (Brasil). Inst. de Estudos e Pesquisas Economicas | |
| 245 | 1 | _aAnalise economica de um grupo de experimentos de fertilizacao e calagem do solo na cultura do trigo - Rio Grande do Sul [Triticum aestivum; Brasil] | |
| 260 | 3 |
_aPorto Alegre, RS (Brasil): _c1970. |
|
| 300 | _a117 p. | ||
| 490 |
_aTese de Conclusao dos Cursos de Pos-Graduacao em Economia Rural e Sociologia Rural (Brazil) _vno. 9 _x |
||
| 500 | _a19 tables; 17 graphs; Summary (Pt); 35 ref. | ||
| 502 | _aTese (Mestrado) | ||
| 650 | _aFertilidade do solo | ||
| 650 | _aTrigo | ||
| 650 | _aFertilizante nitrogenado | ||
| 650 | _aFertilizante fosfatado | ||
| 650 | _aFertilizante potassico | ||
| 650 | _aCalagem | ||
| 650 | _aSolo | ||
| 650 | _aAnalise economica | ||
| 650 | _aRio Grande do Sul | ||
| 909 |
_a202312 _bLúcia Elande _c55 _dLúcia Elande |
||
| 942 |
_2AGRIS _n0 _cMS |
||
| 999 |
_c264331 _d264331 |
||